000 00654cab a2200193 4500
001 WB2532-18
008 090401t1989 xxu||||| |||| 00| 0 eng d
035 _a(Sirsi) u16759
041 _aeng
245 _aFinal guidance comes under fire
260 _c1989
350 _a0
490 _aPlanning (for the Natural and Built Environment)
_vno 830, 4/8/89 pp 38 & 39(2)
520 _aReviews the final form of the long-awaited strategic planning guidance for London , highlighting its new elements since publication of the draft.
650 _aUNITARY DEVELOPMENT PLANS
690 _aPLANNING LAW AND PRACTICE
942 _n0
948 _c04/03/1997
999 _c11081
_d11081